| 000 | 00566nam a2200181Ia 4500 | ||
|---|---|---|---|
| 008 | 100920s9999 xx 000 0 und d | ||
| 082 |
_b93576 _a28 व 891,43 न 05 |
||
| 100 | _aसिंह अर्चना. | ||
| 245 | _aलोक अदालत. | ||
| 260 |
_bमधुलिका इलाहबाद. _c2005 |
||
| 300 |
_a24 _bसाधी |
||
| 365 | _b30 | ||
| 520 | _aबा.वि.हिंदी. | ||
| 630 | _aलोक अदालत. | ||
| 650 | _aबा.वि.हिंदी. | ||
| 730 | _aलोक अदालत. | ||
| 942 | _cBOOK | ||
| 999 |
_c734019 _d734016 |
||